000 00382 a2200133 4500
005 20250717131323.0
008 250408b |||||||| |||| 00| 0 eng d
020 _a9789391558222
041 _aMarathi
100 _aJevne D.H.
_9211712
245 _aसंतांचे समरसता सूत्र
260 _bBharatiya Vichar Sadhana Pune Prakashan
_c2021
942 _cBK
999 _c365721
_d365721